[Event "Pojedinacno seniorsko prvenstvo Centraln"]
[Site "Valjevo"]
[Date "2010.11.08"]
[Round "1.1"]
[White "Jovanovic, Aleksandar"]
[Black "Damljanovic, Branko"]
[Result "0-1"]
[WhiteElo "2211"]
[BlackElo "2551"]
[PlyCount "66"]
[EventDate "2010.11.08"]

1. e4 c5 2. Nc3 Nc6 3. Bc4 e6 4. d3 Nf6 5. Bd2 a6 6. a4 d5 7. Ba2 Nb4 8. Bb1 b6
9. Nge2 d4 10. Na2 Nc6 11. Ng3 h5 12. O-O h4 13. Nh1 e5 14. Nc1 Be6 15. Ne2 Nh5
16. f4 exf4 17. Nxf4 Nxf4 18. Bxf4 g5 19. Bd2 Bd6 20. Nf2 Bc7 21. e5 Bxe5 22.
Ne4 Qc7 23. Bxg5 f5 24. Nf6+ Kf7 25. Ba2 Bxa2 26. Rxa2 Bxh2+ 27. Kh1 h3 28.
Rxf5 hxg2+ 29. Kxg2 Qg3+ 30. Kh1 Bg1+ 31. Nh5+ Kg6 32. Bf4 Qh3+ 33. Kxg1 Qxf5
0-1

[Event "Pojedinacno seniorsko prvenstvo Centraln"]
[Site "Valjevo"]
[Date "2010.11.08"]
[Round "1.2"]
[White "Milanovic, Danilo"]
[Black "Markovic, Dragan P"]
[Result "1-0"]
[WhiteElo "2521"]
[BlackElo "2209"]
[PlyCount "43"]
[EventDate "2010.11.08"]

1. d4 Nf6 2. c4 e6 3. Nc3 Bb4 4. e3 O-O 5. Bd3 d5 6. cxd5 exd5 7. Nge2 c6 8.
O-O Re8 9. f3 a5 10. Qe1 a4 11. a3 Ba5 12. Qh4 Bxc3 13. bxc3 h6 14. e4 Nh7 15.
Qg3 Kh8 16. Nf4 Be6 17. Nh5 Rg8 18. Bxh6 Qf8 19. Bd2 Nd7 20. exd5 cxd5 21. Bxh7
Kxh7 22. Qh4 1-0

[Event "Pojedinacno seniorsko prvenstvo Centraln"]
[Site "Valjevo"]
[Date "2010.11.08"]
[Round "1.5"]
[White "Kolbert, Engelbert"]
[Black "Nestorovic, Nikola"]
[Result "0-1"]
[WhiteElo "2141"]
[BlackElo "2452"]
[PlyCount "50"]
[EventDate "2010.11.08"]

1. e4 e5 2. Nf3 Nc6 3. Bc4 Bc5 4. b4 Bb6 5. a4 a6 6. c3 Nf6 7. d3 O-O 8. Qb3 d6
9. h3 Ne7 10. Bg5 Ng6 11. Qa2 c6 12. Nbd2 h6 13. Be3 Bxe3 14. fxe3 d5 15. exd5
cxd5 16. Bb3 Qc7 17. Nb1 Bf5 18. Qd2 Bxd3 19. Qxd3 e4 20. Qd2 exf3 21. gxf3
Rfe8 22. Kf2 Re5 23. Na3 Rae8 24. Nc2 Nh4 25. Rag1 Rf5 0-1

[Event "Pojedinacno seniorsko prvenstvo Centraln"]
[Site "Valjevo"]
[Date "2010.11.08"]
[Round "1.12"]
[White "Grujicic, Zoran"]
[Black "Stojanovic, Dobrisav"]
[Result "0-1"]
[WhiteElo "2053"]
[BlackElo "2340"]
[PlyCount "60"]
[EventDate "2010.11.08"]

1. c4 Nf6 2. Nc3 e6 3. d4 d5 4. cxd5 exd5 5. Nf3 Be7 6. g3 c6 7. Bg2 O-O 8. O-O
Bf5 9. Nh4 Bg4 10. h3 Be6 11. Nf3 Nbd7 12. Bf4 Nh5 13. Be3 f5 14. Bf4 g5 15.
Bd2 h6 16. Nh2 Qe8 17. e3 Bd6 18. Ne2 Ndf6 19. f4 Kh8 20. Nf3 Ne4 21. Be1 Rg8
22. Ne5 gxf4 23. gxf4 Bxe5 24. dxe5 Qg6 25. Ng3 Nexg3 26. Rf3 Rg7 27. Bxg3 Nxg3
28. Rc1 Rag8 29. Rc2 Ne4 30. Kh2 d4 0-1

[Event "Pojedinacno seniorsko prvenstvo Centraln"]
[Site "Valjevo"]
[Date "2010.11.08"]
[Round "1.19"]
[White "Dolovic, Dusko"]
[Black "Mesterovic, Ljubisa"]
[Result "1/2-1/2"]
[WhiteElo "2228"]
[BlackElo "1798"]
[PlyCount "47"]
[EventDate "2010.11.08"]

1. d4 d5 2. Nf3 Nf6 3. c4 e6 4. Nc3 Be7 5. Qc2 c6 6. e3 Nbd7 7. Be2 b6 8. Qa4
Bb7 9. cxd5 exd5 10. O-O O-O 11. Rd1 Qe8 12. Bd2 Bd6 13. Ba6 Bxa6 14. Qxa6 Ne4
15. Rac1 Qe6 16. Ne2 Nxd2 17. Rxd2 Rfc8 18. Qb7 Rab8 19. Qxa7 Ra8 20. Qb7 b5
21. Ng5 Qe7 22. Nf3 Rab8 23. Qa6 Ra8 24. Qb7 1/2-1/2

[Event "Pojedinacno seniorsko prvenstvo Centraln"]
[Site "Valjevo"]
[Date "2010.11.08"]
[Round "1.4"]
[White "Abramovic, Bosko"]
[Black "Stankovic, Ivan G"]
[Result "1-0"]
[WhiteElo "2461"]
[BlackElo "2194"]
[PlyCount "77"]
[EventDate "2010.11.08"]

1. d4 g6 2. c4 Bg7 3. Nc3 d6 4. Nf3 Nd7 5. g3 e5 6. Bg2 Ne7 7. e4 O-O 8. O-O h6
9. Be3 f5 10. Qd2 fxe4 11. Nxe4 Nf5 12. dxe5 dxe5 13. Rad1 Qe7 14. Rfe1 Kh7 15.
Qe2 b6 16. Nc3 c6 17. h4 Bb7 18. h5 Nxe3 19. Qxe3 Rad8 20. Nh4 gxh5 21. Be4+
Kg8 22. Ng6 Qf6 23. Nxf8 Nxf8 24. Rxd8 Qxd8 25. Rd1 Qe7 26. Qf3 h4 27. Bxc6
Bxc6 28. Qxc6 hxg3 29. fxg3 Qg5 30. Qf3 Ne6 31. Ne4 Qe7 32. Rd6 Ng5 33. Nf6+
Kh8 34. Qa8+ Bf8 35. Qd5 Qg7 36. Nh5 Nh3+ 37. Kh2 Qg5 38. Rd8 Qf5 39. Rxf8+ 1-0

[Event "Pojedinacno seniorsko prvenstvo Centraln"]
[Site "Valjevo"]
[Date "2010.11.08"]
[Round "1.13"]
[White "Vujic, Mihailo"]
[Black "Kostic, Dusan"]
[Result "1-0"]
[WhiteElo "2330"]
[BlackElo "2027"]
[PlyCount "109"]
[EventDate "2010.11.08"]

1. e4 c5 2. Nf3 Nc6 3. c3 e6 4. d4 d5 5. exd5 exd5 6. Bb5 Bd6 7. O-O Nge7 8.
dxc5 Bxc5 9. Nbd2 O-O 10. Nb3 Bd6 11. Bd3 h6 12. h3 Ne5 13. Nxe5 Bxe5 14. Re1
Bf6 15. Qh5 Re8 16. Bf4 Bd7 17. Re3 g6 18. Qxh6 Bg7 19. Qh4 Nf5 20. Rxe8+ Qxe8
21. Bxf5 Bxf5 22. Be3 f6 23. Nd4 Bd7 24. Re1 Rc8 25. Bd2 Qf7 26. Qg3 Bf8 27.
Bf4 Re8 28. Rxe8 Qxe8 29. Kh2 Kf7 30. Bd6 Bg7 31. Bb8 a6 32. Qc7 Qc8 33. Qd6
Bc6 34. Nxc6 bxc6 35. Qc7+ Qxc7+ 36. Bxc7 Bf8 37. Kg3 Ke6 38. Kf3 Bc5 39. Bf4
a5 40. a4 Bb6 41. Be3 c5 42. Ke2 Ke5 43. b3 f5 44. f3 f4 45. Bf2 g5 46. b4 Kd6
47. bxc5+ Bxc5 48. Bxc5+ Kxc5 49. Kd3 Kb6 50. Kd4 Kc6 51. c4 dxc4 52. Kxc4 Kb6
53. Kd5 Kb7 54. Kc5 Ka6 55. Kc6 1-0

[Event "Pojedinacno seniorsko prvenstvo Centraln"]
[Site "Valjevo"]
[Date "2010.11.08"]
[Round "1.20"]
[White "Svicevic, Mirko"]
[Black "Zivkovic, Vladislav"]
[Result "0-1"]
[WhiteElo "1776"]
[BlackElo "2220"]
[PlyCount "92"]
[EventDate "2010.11.08"]

1. e4 c6 2. d4 d5 3. exd5 cxd5 4. c4 Nf6 5. Nc3 e6 6. Nf3 Be7 7. Bd3 dxc4 8.
Bxc4 O-O 9. O-O a6 10. h3 b5 11. Bd3 Nc6 12. a3 Bb7 13. Ne2 Rc8 14. Be3 Na5 15.
Nf4 Nc4 16. Qe2 Nd5 17. Rad1 Nxf4 18. Bxf4 Qd5 19. Rfe1 Rfd8 20. Be4 Qxe4 21.
Qxe4 Bxe4 22. Rxe4 Nxb2 23. Ra1 Rc3 24. Re3 Rdc8 25. Re2 Rxa3 26. Rb1 Nd3 27.
Bg3 Kf8 28. Re3 Rc1+ 29. Rxc1 Nxc1 30. Re1 Rc3 31. Ne5 Ke8 32. Bf4 Nb3 33. Nf3
Rd3 34. Be3 a5 35. Re2 Rd1+ 36. Kh2 Bd6+ 37. g3 a4 38. Rc2 Kd7 39. Ne5+ Bxe5
40. dxe5 a3 41. Bb6 Rc1 42. Ra2 b4 43. Kg2 Kc6 44. Be3 Rb1 45. Rc2+ Kd5 46. f4
Rb2 0-1

[Event "Pojedinacno seniorsko prvenstvo Centraln"]
[Site "Valjevo"]
[Date "2010.11.08"]
[Round "1.14"]
[White "Lakicevic, Budimir"]
[Black "Chelushkina, Irina"]
[Result "0-1"]
[WhiteElo "2027"]
[BlackElo "2320"]
[PlyCount "92"]
[EventDate "2010.11.08"]

1. d4 Nf6 2. c4 e6 3. Nf3 c5 4. e3 a6 5. Nc3 d5 6. cxd5 exd5 7. Be2 Nc6 8. O-O
Bd6 9. dxc5 Bxc5 10. b3 O-O 11. Bb2 Re8 12. Rc1 Ba7 13. h3 Be6 14. Ng5 Bf5 15.
Bd3 Bg6 16. Bxg6 hxg6 17. Ne2 Ne4 18. Nxe4 dxe4 19. Qxd8 Raxd8 20. Rcd1 Nb4 21.
a3 Nd3 22. Bd4 Bxd4 23. Nxd4 f5 24. f3 f4 25. fxe4 Nb2 26. Rb1 fxe3 27. Nc2 e2
28. Rfe1 Nd1 29. Rxe2 Nc3 30. Rbe1 Nxe2+ 31. Rxe2 Rd3 32. b4 b5 33. Kf2 Kf7 34.
h4 Ke6 35. Re3 Rd2+ 36. Re2 Rxe2+ 37. Kxe2 Ke5 38. Ke3 Rc8 39. Ne1 Rc3+ 40.
Nd3+ Kd6 41. Kd4 Rxa3 42. e5+ Kc6 43. g4 a5 44. g5 Rxd3+ 45. Kxd3 a4 46. Kd4
Kd7 0-1

[Event "Pojedinacno seniorsko prvenstvo Centraln"]
[Site "Valjevo"]
[Date "2010.11.08"]
[Round "1.8"]
[White "Manojlovic, Selimir"]
[Black "Maksimovic, Branimir"]
[Result "0-1"]
[WhiteElo "2114"]
[BlackElo "2421"]
[PlyCount "98"]
[EventDate "2010.11.08"]

1. e4 e6 2. d4 d5 3. e5 c5 4. c3 Nc6 5. a3 Bd7 6. Nf3 f6 7. Bd3 Qc7 8. Qe2 cxd4
9. cxd4 Nxd4 10. Qd1 Nxf3+ 11. gxf3 Qxe5+ 12. Be2 Rc8 13. Nc3 g5 14. Be3 Bc5
15. Qd2 d4 16. Rd1 Ne7 17. Bxd4 Bxd4 18. Qxd4 Qxd4 19. Rxd4 Nf5 20. Rd1 Ke7 21.
O-O Rhd8 22. Bd3 Bc6 23. Be4 Nh4 24. Rxd8 Rxd8 25. Bxc6 bxc6 26. Ne4 Nxf3+ 27.
Kg2 Nd2 28. Re1 Rd4 29. Nc5 e5 30. Re3 Kd6 31. b4 f5 32. h3 e4 33. h4 g4 34.
Rc3 Rc4 35. Re3 Rc1 36. Re2 Nf3 37. Kg3 Rc3 38. Kf4 Rxa3 39. h5 h6 40. Re3 Rxe3
41. fxe3 Ng5 42. Nb3 g3 43. Kxg3 Ne6 44. Kh4 Kd5 45. Na5 f4 46. exf4 Nxf4 47.
Kg4 Nxh5 48. Kxh5 e3 49. Nb3 e2 0-1

[Event "Pojedinacno seniorsko prvenstvo Centraln"]
[Site "Valjevo"]
[Date "2010.11.08"]
[Round "1.6"]
[White "Cabrilo, Goran"]
[Black "Milosevic, Rade"]
[Result "1-0"]
[WhiteElo "2450"]
[BlackElo "2122"]
[PlyCount "95"]
[EventDate "2010.11.08"]

1. Nf3 Nf6 2. c4 e6 3. g3 b6 4. Bg2 Bb7 5. O-O c5 6. Nc3 Be7 7. d4 d6 8. d5 e5
9. e4 O-O 10. Ne1 h6 11. Nd3 Nbd7 12. f4 Nh7 13. Kh1 Bf6 14. f5 Bg5 15. h4 Bxc1
16. Qxc1 a6 17. a4 a5 18. Bh3 Ba6 19. b3 Ra7 20. Ra2 Kh8 21. Raf2 Rg8 22. Qe3
Qe7 23. Ne1 Raa8 24. Nf3 h5 25. Ng5 Ndf6 26. Ne2 Raf8 27. Ng1 Bc8 28. Nxh7 Nxh7
29. f6 gxf6 30. Bxc8 Rxc8 31. Rf5 Rg6 32. Rxh5 Rcg8 33. Ne2 Qd7 34. Rff5 Kg7
35. Kg2 Rh8 36. Kf2 Nf8 37. Rxh8 Kxh8 38. Nc3 Kg7 39. Qf3 Nh7 40. Nd1 Qc8 41.
Ne3 Qd7 42. Kg2 Qd8 43. Rh5 Qd7 44. Qf5 Nf8 45. Qxd7 Nxd7 46. Nf5+ Kf8 47. Rh8+
Rg8 48. Rh7 1-0

[Event "Pojedinacno seniorsko prvenstvo Centraln"]
[Site "Valjevo"]
[Date "2010.11.08"]
[Round "1.15"]
[White "Tosic, Srecko"]
[Black "Kosic, Ljubisa"]
[Result "1-0"]
[WhiteElo "2318"]
[BlackElo "1946"]
[PlyCount "111"]
[EventDate "2010.11.08"]

1. e4 c5 2. Nf3 d6 3. d4 cxd4 4. Nxd4 Nf6 5. Nc3 a6 6. g3 e5 7. Nde2 Be6 8. Bg2
Nbd7 9. O-O b5 10. h3 Qc7 11. g4 Rc8 12. a3 Nb6 13. Ng3 h6 14. Re1 Be7 15. Re2
O-O 16. Nd5 Bxd5 17. exd5 Rfe8 18. Nf5 Bf8 19. c3 Qc4 20. Ne3 Qc5 21. Qb3 a5
22. Rd2 Be7 23. Rd1 g6 24. Bf1 Nc4 25. a4 Nb6 26. Qxb5 Kg7 27. Qxc5 Rxc5 28.
Bb5 Rb8 29. c4 Rc7 30. Bd2 Ra7 31. Nc2 Ne4 32. Be3 f5 33. f3 Ng5 34. Kg2 f4 35.
Bg1 e4 36. fxe4 f3+ 37. Kg3 Rf8 38. Bxb6 Nxe4+ 39. Kh2 Rb7 40. Bd4+ Kh7 41. Re1
f2 42. Rxe4 f1=Q 43. Rxf1 Rxf1 44. Kg2 Rc1 45. Re2 Kg8 46. Bc3 Bh4 47. Nd4 Rf7
48. Nf3 Bf6 49. Bxa5 Re7 50. Rxe7 Bxe7 51. Bb6 Rc2+ 52. Kf1 Rxb2 53. a5 Rb3 54.
Ke2 Rb2+ 55. Ke3 Rb3+ 56. Ke4 1-0

[Event "Pojedinacno seniorsko prvenstvo Centraln"]
[Site "Valjevo"]
[Date "2010.11.08"]
[Round "1.3"]
[White "Novakovic, Slobodan"]
[Black "Savic, Miodrag R"]
[Result "0-1"]
[WhiteElo "2203"]
[BlackElo "2515"]
[PlyCount "94"]
[EventDate "2010.11.08"]

1. c4 e6 2. Nc3 Bb4 3. Qb3 c5 4. Nb5 Nc6 5. Nd6+ Kf8 6. e3 Nf6 7. Nf3 Qc7 8.
Nxc8 Rxc8 9. Be2 e5 10. O-O d6 11. Qc2 Ba5 12. b3 Re8 13. Bb2 Qe7 14. a3 Nd7
15. Rad1 Bd8 16. d3 h5 17. Nd2 h4 18. Ne4 Rh6 19. Bf3 Kg8 20. Nc3 Qg5 21. Bc1
Qg6 22. Qb1 a5 23. b4 axb4 24. axb4 Nxb4 25. Bxb7 Nf6 26. Bf3 Nh7 27. Nd5 Ng5
28. Be2 Nxd5 29. cxd5 f5 30. Qb5 e4 31. Kh1 h3 32. g3 Qf7 33. Bb2 Bf6 34. Bxf6
Rxf6 35. Ra1 Kh7 36. Ra6 Re5 37. Qb8 exd3 38. Bd1 Re8 39. Qb3 d2 40. Qd3 Qe7
41. Ra4 Ne4 42. g4 Nxf2+ 43. Rxf2 Qxe3 44. Qxe3 Rxe3 45. Re2 fxg4 46. Rxg4 Rf1+
47. Rg1 Rxd1 0-1

[Event "Pojedinacno seniorsko prvenstvo Centraln"]
[Site "Valjevo"]
[Date "2010.11.08"]
[Round "1.11"]
[White "Andrijevic, Milan"]
[Black "Jokic, Miodrag"]
[Result "1-0"]
[WhiteElo "2344"]
[BlackElo "2087"]
[PlyCount "107"]
[EventDate "2010.11.08"]

1. e4 d6 2. d4 Nf6 3. Nc3 g6 4. Nf3 Bg7 5. Be2 O-O 6. O-O c6 7. h3 Qc7 8. Be3
Nbd7 9. a4 e5 10. dxe5 dxe5 11. Nd2 Rd8 12. Qc1 Nf8 13. f4 Ne6 14. fxe5 Nd7 15.
Nf3 Nxe5 16. Nxe5 Bxe5 17. Bc4 Bd4 18. Bxd4 Rxd4 19. Bb3 Qe5 20. Qe3 Bd7 21.
Qf2 Rf8 22. Rad1 Rxd1 23. Rxd1 Nc5 24. Qd4 Re8 25. Qxe5 Rxe5 26. Kf2 Kf8 27.
Kf3 f6 28. a5 Ke7 29. Bg8 Na6 30. Bxh7 Be8 31. Ne2 Kf7 32. Nf4 Kg7 33. Bxg6
Bxg6 34. Rd7+ Kh6 35. Nxg6 Kxg6 36. Rxb7 Rxa5 37. Rxa7 Ra2 38. b3 Nb4 39. Rxa2
Nxa2 40. Ke3 Nb4 41. c3 Na6 42. Kd4 Kf7 43. h4 Ke6 44. h5 Kf7 45. b4 Ke7 46. e5
c5+ 47. Kc4 fxe5 48. b5 Nc7 49. b6 Na6 50. Kd5 Kf6 51. h6 Kg6 52. Kxe5 Kxh6 53.
Kd6 Kg5 54. Kc6 1-0

[Event "Pojedinacno seniorsko prvenstvo Centraln"]
[Site "Valjevo"]
[Date "2010.11.08"]
[Round "1.16"]
[White "Zivanovic, Bojan"]
[Black "Sorgic, Dragan"]
[Result "1/2-1/2"]
[WhiteElo "1941"]
[BlackElo "2308"]
[PlyCount "155"]
[EventDate "2010.11.08"]

1. e4 d6 2. d4 Nf6 3. Nc3 g6 4. f4 Bg7 5. Nf3 c5 6. Bb5+ Bd7 7. e5 Ng4 8. e6
Bxb5 9. exf7+ Kd7 10. Nxb5 Qa5+ 11. Nc3 cxd4 12. Nxd4 h5 13. h3 Nc6 14. Nf3
Bxc3+ 15. bxc3 Nh6 16. O-O Qxc3 17. Rb1 b6 18. Rb3 Qc5+ 19. Be3 Qc4 20. Ne5+
Nxe5 21. fxe5 Nf5 22. exd6 exd6 23. Rd3 Raf8 24. Bf4 Rxf7 25. Rxd6+ Kc8 26. Rd3
Kb7 27. Rd7+ Rxd7 28. Qxd7+ Ka8 29. a4 Rc8 30. a5 Qc6 31. Qxc6+ Rxc6 32. Rb1
Kb7 33. axb6 axb6 34. Rb2 Rc4 35. g3 Kc6 36. Kf2 b5 37. Be3 Rc3 38. Bf4 Nd4 39.
Be5 Rxc2+ 40. Rxc2+ Nxc2 41. g4 hxg4 42. hxg4 Kd5 43. Bb2 Ke4 44. Ke2 Ne3 45.
g5 Nc4 46. Bf6 b4 47. Kd1 b3 48. Kc1 Kf4 49. Be7 Ke4 50. Bf6 Kd5 51. Bd8 Ke6
52. Bf6 Kd5 53. Bd8 Kc5 54. Be7+ Kb5 55. Bf8 Ne5 56. Be7 Nc4 57. Bf8 Kc6 58.
Be7 Kd5 59. Bd8 Ke6 60. Bf6 Kd5 61. Bd8 Ke5 62. Bf6+ Ke4 63. Be7 Kf5 64. Bf6
Nd6 65. Kb2 Ne4 66. Bd8 Nxg5 67. Kxb3 Ne4 68. Kc2 Nf6 69. Kd3 g5 70. Ke2 g4 71.
Bc7 Nd5 72. Bb8 Ne7 73. Kf2 Nc6 74. Bc7 Ne7 75. Kg3 Nd5 76. Bb8 Nf6 77. Bc7
Ne4+ 78. Kg2 1/2-1/2

[Event "Pojedinacno seniorsko prvenstvo Centraln"]
[Site "Valjevo"]
[Date "2010.11.08"]
[Round "1.18"]
[White "Cvijetic, Vladimir"]
[Black "Stojkovic, Miroljub"]
[Result "0-1"]
[WhiteElo "1876"]
[BlackElo "2242"]
[PlyCount "148"]
[EventDate "2010.11.08"]

1. d4 Nf6 2. Nf3 e6 3. c4 Bb4+ 4. Bd2 Qe7 5. a3 Bxd2+ 6. Nbxd2 d6 7. Qc2 O-O 8.
e4 e5 9. d5 a5 10. b3 Nh5 11. g3 f5 12. Bd3 fxe4 13. Bxe4 Nf6 14. O-O Na6 15.
Ne1 Nxe4 16. Nxe4 Bf5 17. f3 Nc5 18. Ng2 a4 19. b4 Nb3 20. Rae1 Nd4 21. Qd3 c6
22. dxc6 bxc6 23. Nh4 Bh3 24. Ng2 d5 25. cxd5 cxd5 26. Nc5 Qf6 27. Re3 Kh8 28.
Qd1 Rad8 29. Nxa4 Nf5 30. Rd3 Bxg2 31. Kxg2 d4 32. Qe2 Ne3+ 33. Rxe3 dxe3 34.
Qxe3 e4 35. Qxe4 Rfe8 36. Qc2 Re3 37. b5 Qe5 38. Rf2 Qxb5 39. Qc5 Qe8 40. Nb6
Re2 41. Rxe2 Qxe2+ 42. Qf2 Qd1 43. Nc4 Re8 44. Kh3 Qd3 45. Nb2 Qxa3 46. Nd1 Qc1
47. Qd4 Qc8+ 48. Kg2 Rd8 49. Qg1 h6 50. Nf2 Qc2 51. Qe1 Rd2 52. Qe8+ Kh7 53.
Qe4+ Qxe4 54. fxe4 Kg6 55. Kf3 Kf6 56. Ke3 Ra2 57. h4 g5 58. Ng4+ Kg6 59. Ne5+
Kh5 60. hxg5 hxg5 61. g4+ Kh4 62. Kf3 Ra3+ 63. Kf2 Ra5 64. Nc4 Ra4 65. Ne3 Rxe4
66. Kf3 Rf4+ 67. Kg2 Rf8 68. Kh2 Rf3 69. Nc4 Rf2+ 70. Kg1 Re2 71. Kf1 Re4 72.
Nd2 Rf4+ 73. Ke2 Rxg4 74. Nf1 Kh3 0-1

[Event "Pojedinacno seniorsko prvenstvo Centraln"]
[Site "Valjevo"]
[Date "2010.11.08"]
[Round "1.17"]
[White "Radosavljevic, Slobodan D"]
[Black "Gagic, Miroljub"]
[Result "1-0"]
[WhiteElo "2248"]
[BlackElo "1878"]
[PlyCount "127"]
[EventDate "2010.11.08"]

1. c4 e6 2. g3 d5 3. Nf3 Nf6 4. Bg2 dxc4 5. O-O Nbd7 6. Qa4 a6 7. Qxc4 b5 8.
Qc2 Bb7 9. b3 c5 10. Bb2 Be7 11. d3 O-O 12. Nbd2 Rc8 13. Rac1 Qb6 14. Qb1 Rfd8
15. Qa1 Ne8 16. Rc2 Ndf6 17. Rfc1 Qa7 18. h3 Qa8 19. Ne1 h6 20. Ndf3 Nd7 21.
Ne5 Bxg2 22. Nxg2 Qb7 23. h4 Nxe5 24. Bxe5 f6 25. Bf4 Rd7 26. b4 c4 27. a3 e5
28. Bd2 Rcd8 29. Qa2 Kf8 30. dxc4 bxc4 31. Ne3 Nd6 32. Be1 g5 33. hxg5 hxg5 34.
Nxc4 Nb5 35. Na5 Qe4 36. Nc6 Re8 37. Rc4 Nd4 38. Nxd4 exd4 39. Qc2 Qxc2 40.
R4xc2 d3 41. exd3 Rxd3 42. Rc3 Red8 43. Kf1 Kf7 44. Ke2 Rxc3 45. Rxc3 Rd6 46.
Bd2 Ke6 47. Re3+ Kf7 48. a4 Bd8 49. Rd3 Re6+ 50. Be3 Bb6 51. Kd2 Kg6 52. Bxb6
Rxb6 53. Rd4 Kf5 54. Kc3 Ke5 55. Rc4 f5 56. f3 Kd5 57. Rc5+ Ke6 58. g4 fxg4 59.
fxg4 Kf6 60. Rf5+ Kg6 61. b5 Re6 62. Rc5 axb5 63. axb5 Re1 64. Rc4 1-0